|
|
|
|
| LEADER |
00759cam a2200229 7i4500 |
| 001 |
0000052202 |
| 005 |
20191204090000.0 |
| 020 |
|
|
|a 032440011X
|
| 090 |
0 |
0 |
|a HF5636
|b .S86 2007
|
| 100 |
1 |
|
|a Stice, James D
|
| 245 |
1 |
0 |
|a Intermediate accounting
|c James D. Stice, Earl K. Stice, K. Fred Skousen.
|
| 250 |
|
|
|a 16th ed.
|
| 260 |
|
|
|a Australia:
|b Thomson/South-Western,
|c 2007.
|
| 300 |
|
|
|a xxxii, 1323 p.:
|b ill.;
|c 28 cm.
|
| 500 |
|
|
|a Gift: Faculty of Business & Accountancy
|
| 504 |
|
|
|a Includes bibliographical references and index
|
| 650 |
0 |
0 |
|a Accounting
|
| 700 |
1 |
|
|a Stice, Earl K
|
| 700 |
1 |
|
|a Skousen, K. Fred
|
| 997 |
|
|
|a Business & Accountancy, Faculty
|
| 998 |
|
|
|a Accountancy, Degree
|
| 999 |
|
|
|a 0000063886
|b BOK
|c OPEN SHELF
|e 1st Floor, Shah Alam
|